Hóa học vô cơ cơ bản T.1 Lí thuyết đại cương về hóa học

Kaydedildi:
Detaylı Bibliyografya
Yazar: Hoàng, Nhâm
Materyal Türü: Kitap
Baskı/Yayın Bilgisi: Hà Nội Giáo dục 2018
Edisyon:Tái bản lần thứ 11
Konular:
Etiketler: Etiketle
Etiket eklenmemiş, İlk siz ekleyin!
Thư viện lưu trữ: Trung tâm Học liệu Lê Vũ Hùng, Trường Đại học Đồng Tháp
LEADER 00969pam a22002178a 4500
001 00043868
005 20190325140303.0
008 170419s1999 ||||||Viesd
020 # # |a 978 604 0 10407 6  |c 83000 
041 0 # |a Vie 
082 1 4 |a 546  |b H401H 
100 1 # |a Hoàng, Nhâm 
245 1 0 |a Hóa học vô cơ cơ bản  |c Hoàng Nhân  |n T.1  |p Lí thuyết đại cương về hóa học 
250 # # |a Tái bản lần thứ 11 
260 # # |a Hà Nội  |b Giáo dục  |c 2018 
300 # # |a 275 tr.  |c 27 cm. 
653 # # |a Hóa học vô cơ 
653 # # |a Nguyên tố hóa học 
852 # # |j KD.0025423  |j KM.0028929  |j KM.0028930  |j KM.0028931  |j KM.0028932  |j KM.0028933  |j KM.0028934  |j KM.0028935  |j KM.0028936  |j KM.0028937  |j KM.0028938  |j KM.0028939  |j KM.0028940  |j KM.0028941  |j KM.0028942  |j KM.0028943  |j KM.0028944  |j KM.0028945  |j KM.0028946  |j KM.0028947 
910 # # |d 25/3/2019 
980 # # |a Trung tâm Học liệu Lê Vũ Hùng, Trường Đại học Đồng Tháp